| 000 | 00619nam a22001817a 4500 | ||
|---|---|---|---|
| 005 | 20241217150013.0 | ||
| 010 | _aENG-143059 | ||
| 020 |
_c1495.00 _a9788126919482 |
||
| 035 | _aEN-126591 | ||
| 037 | _bDBAD/PUB | ||
| 082 | _a000 | ||
| 100 |
_aGupta, K. R. _975271 |
||
| 245 |
_aCAT Cracker Quantitative Aptitude/ _cby K. R. Gupta |
||
| 260 |
_aNew Delhi _bAtlantic Publishers & distributors (P) LTD _c2020 |
||
| 270 |
_bNew Delhi _a7/22, Ansari Road, Daryaganj, _e110002 _k911140775252 _k40775214 _morders@atlanticbooks.com _l911123285873 |
||
| 300 |
_a676p. _c24cm(hbk) |
||
| 942 |
_2ddc _cEN _h000 _mGUP |
||
| 999 |
_c207761 _d207761 |
||